Statistics for Political Geography: British Protectorates

Click here to take the quiz!

General Stats

  • This quiz has been taken 35 times
  • The average score is 39 of 44

Answer Stats

British
Protectorate
Present-day Sovereign State% Correct
Kingdom of Sikkim (1861-1947)IIndia
100%
Federation of Malaya (1948-1957)MMalaysia
100%
Protectorate of South Arabia (1963-1967)YYemen
100%
Federation of South Arabia (1962-1967)YYemen
100%
Barotziland—North-Western Rhodesia (1899-1911)ZZambia
100%
North-Eastern Rhodesia (1900-1911)ZZambia
100%
Northern Rhodesia (1911-1964)ZZambia
100%
Persian Gulf Residency (1861-1971)BBahrain
97%
Bechuanaland Protectorate (1885-1966)BBotswana
97%
North Borneo (1881-1942, 1945-1946)MMalaysia
97%
Cook Islands (1888-1901)NNew Zealand
97%
Somaliland Protectorate (1884-1940, 1941-1960)SSomalia
97%
Aden Protectorate (1872-1963)YYemen
97%
Swaziland Protectorate (1906-1968)EEswatini
94%
Northern Territories of the Gold Coast (1902-1957)GGhana
94%
Sultanate of Zanzibar (1890-1963)KKenya
94%
East Africa Protectorate (1895-1920)KKenya
94%
Gilbert and Ellice Islands (1892-1916)KKiribati
94%
British New Guinea (1884-1902)PPapua New Guinea
94%
QQatar
94%
United States of the Ionian Islands (1815-1864)AAlbania
91%
Mosquito Coast (early 17th cent.-1894)HHonduras
91%
Nyasaland Protectorate (1907-1964)MMalawi
91%
Kingdom of Sarawak (1888-1946)MMalaysia
91%
Niger Coast Protectorate (1893-1900)NNigeria
91%
OOman
91%
IIran (Bandar-e-Bushehr)
86%
KKuwait
86%
Oil Rivers Protectorate (1884-1893)NNigeria
83%
TTuvalu
83%
GGreece
80%
Tokelau (1889-1916)NNew Zealand
80%
TTanzania
80%
UUnited Arab Emirates
80%
Niue (1900-1901)NNew Zealand
77%
ZZambia
77%
BBotswana
74%
Cis-Sutlej States (1809-1862)IIndia
74%
NNicaragua
74%
ZZimbabwe
74%
Barotseland (1900-1964)AAngola
71%
British Central Africa Protectorate (1893-1907)MMalawi
71%
NNamibia
69%
DD. R. Congo
63%

Score Distribution

Percentile by Number Answered

Percent of People with Each Score

Your Score History

You have not taken this quiz